01519nam a2200325 a 450000500170000000800410001702000180005804100080007624500720008425002730015626000510042930000530048050001290053365300430066265300620070565300300076765300310079765300160082865300320084465300290087665300390090565300430094470000290098770000260101670000310104270000300107370000300110370000310113370000290116420240508095911.0100309s2009||||sp il. f |||| 001 0 spa d a9789701066751 aspa aHarrison. Principios de Medicina Interna. bT.1 /cEugene Braunwald a17a ed. en español de la versión original en inglésbTraducción Martha Elena Araiza Martinez ; José Rafael Blengio Pinto ; Germán Arias Rebatet ; José Luis González Hernández. Traducción de capitulos electrónicos: Juan Antonio Puerto Sebastián  aMéxico: bMcGraw-Hill Interamericana;c2009. a1-1364 p.bApendice de Acrónimos.eIncluye DVD aBraunwald, E. et al. (2009). Harrison. Principios de medicina interna. T.1 (17a ed.). México : McGraw-Hill Interamericana. aIntroducción a la medicina clínica aSintomas principales y cuadro inicial de las enfermedades aGenética y enfermedades aMedicina de regeneración aNutrición aOncología y hematología aEnfermedades infecciosas aBioterrorismo y medicina clínica aCapitulos electrónicos: (ver CD-790)1 aFauci, Anthony SeEditor1 aLongo, Dan L.eEditor1 aHauser, Stephen L.eEditor1 aJameson, J. LarryeEditor1 aKasper, Dennis L.eEditor1 aBraundwald, EugeneeEditor1 aLoscalzo, JosepheEditor